Grafted arts: art making and taking in the struggle for western India 1760-1910 (Record no. 1226772)

MARC details
000 -LEADER
fixed length control field 00676nam a2200217Ia 4500
005 - DATE AND TIME OF LATEST TRANSACTION
control field 20241129105947.0
008 - FIXED-LENGTH DATA ELEMENTS--GENERAL INFORMATION
fixed length control field 241129s9999||||xx |||||||||||||| ||und||
020 ## - INTERNATIONAL STANDARD BOOK NUMBER
International Standard Book Number 978-1-913107-28-4
037 ## - SOURCE OF ACQUISITION
Stock number TB
040 ## - CATALOGING SOURCE
Original cataloging agency ARTS
Language of cataloging eng
Transcribing agency ARTS
041 ## - LANGUAGE CODE
Language code of text/sound track or separate title eng
Source of code eng
084 ## - COLON CLASSIFICATION NUMBER
Classification number N443 R2
Assigning agency ARTS
100 ## - MAIN ENTRY--PERSONAL NAME
Personal name Shaffer Holly Au.
9 (RLIN) 726704
245 #0 - TITLE STATEMENT
Title Grafted arts: art making and taking in the struggle for western India 1760-1910
Statement of responsibility, etc. Shaffer Holly Au.
260 ## - PUBLICATION, DISTRIBUTION, ETC.
Place of publication, distribution, etc. London
Name of publisher, distributor, etc. New Haven Paul Mellon centre for studies in British art
Date of publication, distribution, etc. 2015
300 ## - PHYSICAL DESCRIPTION
Extent viii,298p.
365 ## - TRADE PRICE
Price type code USD
Price amount 55
650 ## - SUBJECT ADDED ENTRY--TOPICAL TERM
Topical term or geographic name entry element ArtsArchitecture
942 ## - ADDED ENTRY ELEMENTS (KOHA)
Koha item type Textbook
Classification part N443 R2
Holdings
Withdrawn status Lost status Damaged status Not for loan Home library Current library Date acquired Source of acquisition Cost, normal purchase price Inventory number Total Checkouts Full call number Barcode Date last seen Price effective from Koha item type
        Arts Library Arts Library 2024-11-29 Classic Book Service 55.00 261 & 27/02/2023   N443 R2 AL1667805 2024-11-29 2024-11-29 Textbook
Copyright @ Delhi University Library System